| 000 | 00956nam a2200277 a 4500 | ||
|---|---|---|---|
| 001 | BRCA_5477 | ||
| 005 | 20190320205110.0 | ||
| 008 | 261108s1965----enka######---#000-0#eng-u | ||
| 041 | _aeng | ||
| 044 | _aenk | ||
| 050 | 4 |
_aNK4215 _b.Ch34 1965 |
|
| 100 | 1 |
_aChaffers, William _d1811-1892 _97272 |
|
| 245 | 1 | 0 |
_aMarks and Monograms on European and Oriental Pottery and Porcelain _cby William Chaffers. |
| 250 | _a15 | ||
| 260 |
_aLondres _bWilliam Reeves _c1965 |
||
| 300 |
_a2 v. _bil. (algunas a color) _c25 cm. |
||
| 500 | _aDonación Dr. Héctor Rivero Borrell Vázquez | ||
| 500 | _aEsta edición se encuentra en el Área de Investigación | ||
| 500 | _aLa biblioteca cuenta con la edición 1932 perteneciente al Fondo General Franz Mayer (A21) | ||
| 650 | 1 | 4 |
_aMarcas de cerámica _97225 |
| 650 | 1 | 4 |
_aCerámica oriental _97273 |
| 650 | 1 | 4 |
_aCerámica _zEuropa _914003 |
| 650 | 1 | 4 |
_aCerámica _xHistoria _91463 |
| 902 | _aDHR | ||
| 942 |
_2lcc _cB |
||
| 999 |
_c5171 _d5171 |
||